00614nam a2200193Ia 4500003000900000008004100009040001600050080001500066100002200081245008500103250001200188260003300200300001600233650003900249650001600288942000700304999001700311952009200328IN-BaIIA211028s9999 xx 000 0 eng d cIIA Library a530.1bJOO aJoos, Georg92367 0aTheoretical physicscGeorg Joos  a3rd ed. aLondonbBlackie & Sonsc1958 axxii, 885p. aBasic principles of physics933884 aPhysics973 cBK c17841d17841 00104070aBANbBANcGENd2010-10-07l0o530.1/ JOOp18763r2021-11-05w2010-10-07yBK